[Event "FICGS theme 0002 email"]
[Site "FICGS email"]
[Date "2020.03.02"]
[Round "1"]
[White "Zemlyanov, Sergey Mikhailovich"]
[Black "Cirulis, Ilmars"]
[Result "0-1"]
[WhiteElo "1250"]
[BlackElo "2202"]
[PlyCount "24"]
[EventDate "2020.??.??"]
[EventType "swiss (corr)"]
[EventRounds "1"]
[SourceTitle "Corr 2022"]
[Source "ChessBase"]
[SourceDate "2021.10.24"]
[SourceVersion "1"]
[SourceVersionDate "2021.10.24"]
[SourceQuality "1"]

1. c4 Nf6 2. Nc3 c5 3. g3 d5 4. cxd5 Nxd5 5. Bg2 Nc7 6. d3 e5 7. Be3 Ne6 8. Rc1 Be7 9. Nf3 Nc6 10. Ne4 Qb6 11. 0-0 0-0 12. Nc3 Qd8 0-1

[Event "FICGS theme 0002 email"]
[Site "FICGS email"]
[Date "2020.02.28"]
[Round "1"]
[White "Zemlyanov, Sergey Mikhailovich"]
[Black "Bovary, Charles"]
[Result "0-1"]
[WhiteElo "1250"]
[BlackElo "1800"]
[PlyCount "42"]
[EventDate "2020.??.??"]
[EventType "swiss (corr)"]
[EventRounds "1"]
[SourceTitle "Corr 2022"]
[Source "ChessBase"]
[SourceDate "2021.10.24"]
[SourceVersion "1"]
[SourceVersionDate "2021.10.24"]
[SourceQuality "1"]

1. e4 e5 2. Nf3 Nf6 3. Nxe5 d6 4. Nd3 Nxe4 5. Nc3 d5 6. Qe2 Be7 7. Nxe4 dxe4 8. Qxe4 0-0 9. Ne5 Bd6 10. d4 Nc6 11. Bd3 g6 12. Nxc6 bxc6 13. 0-0 Qf6 14. c3 Bd7 15. Qe3 Qh4 16. h3 Rae8 17. Qh6 Qd8 18. b4 Be6 19. a4 Bd5 20. Bg5 f6 21. Bd2 Be4 0-1

[Event "FICGS rapid E 000236 email"]
[Site "FICGS email"]
[Date "2020.02.20"]
[Round "1"]
[White "Goldmund, Heike"]
[Black "Zemlyanov, Sergey Mikhailovich"]
[Result "1-0"]
[WhiteElo "1292"]
[BlackElo "1250"]
[PlyCount "35"]
[EventDate "2020.??.??"]
[EventType "tourn (rapid)"]
[EventRounds "6"]
[SourceTitle "Corr 2022"]
[Source "ChessBase"]
[SourceDate "2021.10.24"]
[SourceVersion "1"]
[SourceVersionDate "2021.10.24"]
[SourceQuality "1"]

1. b4 d5 2. Bb2 Nf6 3. e3 e5 4. b5 Bd6 5. c4 c6 6. Nf3 e4 7. Nd4 0-0 8. a4 Re8 9. Be2 c5 10. Nb3 Nbd7 11. d3 exd3 12. Qxd3 Ne5 13. Qc3 Ne4 14. cxd5 Nxc3 15. Nxc3 Bf5 16. e4 Bxe4 17. Nxe4 Nc4 18. Bc3 1-0

[Event "FICGS rapid E 000236 email"]
[Site "FICGS email"]
[Date "2020.02.20"]
[Round "1"]
[White "Martinez Camacho, Victor Hugo"]
[Black "Zemlyanov, Sergey Mikhailovich"]
[Result "1-0"]
[WhiteElo "1217"]
[BlackElo "1250"]
[PlyCount "33"]
[EventDate "2020.??.??"]
[EventType "tourn (rapid)"]
[EventRounds "6"]
[SourceTitle "Corr 2022"]
[Source "ChessBase"]
[SourceDate "2021.10.24"]
[SourceVersion "1"]
[SourceVersionDate "2021.10.24"]
[SourceQuality "1"]

1. e4 e5 2. Nf3 Nc6 3. Bb5 Nf6 4. d3 Bc5 5. 0-0 Nd4 6. Nxd4 Bxd4 7. c3 Bb6 8. Bg5 h6 9. Bh4 c6 10. Ba4 g5 11. Bg3 d6 12. Nd2 h5 13. h3 h4 14. Bh2 Rg8 15. Nc4 g4 16. hxg4 Bxg4 17. Qd2 1-0

[Event "FICGS rapid E 000236 email"]
[Site "FICGS email"]
[Date "2020.02.20"]
[Round "1"]
[White "Zemlyanov, Sergey Mikhailovich"]
[Black "Bromo, Alexis"]
[Result "1-0"]
[WhiteElo "1250"]
[BlackElo "1160"]
[PlyCount "37"]
[EventDate "2020.??.??"]
[EventType "tourn (rapid)"]
[EventRounds "6"]
[SourceTitle "Corr 2022"]
[Source "ChessBase"]
[SourceDate "2021.10.24"]
[SourceVersion "1"]
[SourceVersionDate "2021.10.24"]
[SourceQuality "1"]

1. d4 d5 2. c4 e6 3. Nc3 Nf6 4. cxd5 exd5 5. Bg5 Be7 6. e3 h6 7. Bh4 0-0 8. Bd3 c5 9. dxc5 Bxc5 10. Nf3 Re8 11. Bxf6 Qxf6 12. Nxd5 Qxb2 13. 0-0 Bg4 14. Nc7 Rxe3 15. fxe3 Bxe3+ 16. Kh1 Bf4 17. Nxa8 Nc6 18. Qe1 Nd4 19. Qe8# 1-0

[Event "FICGS rapid E 000236 email"]
[Site "FICGS email"]
[Date "2020.02.20"]
[Round "1"]
[White "Zemlyanov, Sergey Mikhailovich"]
[Black "Piantadosi, Angelo"]
[Result "0-1"]
[WhiteElo "1250"]
[BlackElo "1391"]
[PlyCount "32"]
[EventDate "2020.??.??"]
[EventType "tourn (rapid)"]
[EventRounds "6"]
[SourceTitle "Corr 2022"]
[Source "ChessBase"]
[SourceDate "2021.10.24"]
[SourceVersion "1"]
[SourceVersionDate "2021.10.24"]
[SourceQuality "1"]

1. e4 c5 2. Nf3 d6 3. d4 cxd4 4. Nxd4 Nf6 5. Nc3 a6 6. h3 e6 7. g4 Nc6 8. g5 Nd7 9. Be3 Be7 10. h4 0-0 11. a3 Nxd4 12. Qxd4 Nc5 13. 0-0-0 b5 14. Kb1 Bb7 15. f3 Rc8 16. Qd2 f6 0-1

[Event "FICGS class E 000230 email"]
[Site "FICGS email"]
[Date "2020.02.14"]
[Round "1"]
[White "Goldmund, Heike"]
[Black "Zemlyanov, Sergey Mikhailovich"]
[Result "1-0"]
[WhiteElo "1292"]
[BlackElo "1250"]
[PlyCount "39"]
[EventDate "2020.??.??"]
[EventType "tourn (corr)"]
[EventRounds "5"]
[SourceTitle "Corr 2022"]
[Source "ChessBase"]
[SourceDate "2021.10.24"]
[SourceVersion "1"]
[SourceVersionDate "2021.10.24"]
[SourceQuality "1"]

1. b4 e5 2. Bb2 Bxb4 3. Bxe5 Nf6 4. a3 Be7 5. c4 0-0 6. Nf3 d5 7. cxd5 Nxd5 8. Qb3 Nc6 9. e3 Nxe5 10. Nxe5 Bf6 11. d4 c5 12. Bc4 cxd4 13. Nxf7 Qa5+ 14. Nd2 dxe3 15. fxe3 Be6 16. Nd6 Bxa1 17. Nxb7 Qc7 18. Ke2 Nc3+ 19. Kd3 Rfd8+ 20. Nxd8 1-0

[Event "FICGS class E 000230 email"]
[Site "FICGS email"]
[Date "2020.02.14"]
[Round "1"]
[White "Zemlyanov, Sergey Mikhailovich"]
[Black "Marcel, Alexis"]
[Result "1-0"]
[WhiteElo "1250"]
[BlackElo "1213"]
[PlyCount "39"]
[EventDate "2020.??.??"]
[EventType "tourn (corr)"]
[EventRounds "5"]
[SourceTitle "Corr 2022"]
[Source "ChessBase"]
[SourceDate "2021.10.24"]
[SourceVersion "1"]
[SourceVersionDate "2021.10.24"]
[SourceQuality "1"]

1. d4 f5 2. g3 Nf6 3. Bg2 g6 4. Nf3 Bg7 5. 0-0 0-0 6. c4 d6 7. Nc3 a6 8. Bg5 Re8 9. Qd2 Nc6 10. d5 Ne5 11. Nxe5 dxe5 12. c5 e4 13. f3 exf3 14. Bxf3 e5 15. e4 fxe4 16. Nxe4 Nxe4 17. Bxe4 Qd7 18. d6 cxd6 19. cxd6 Rb8 20. Rac1 1-0

[Event "FICGS class E 000230 email"]
[Site "FICGS email"]
[Date "2020.02.14"]
[Round "1"]
[White "Zemlyanov, Sergey Mikhailovich"]
[Black "Piantadosi, Angelo"]
[Result "0-1"]
[WhiteElo "1250"]
[BlackElo "1391"]
[PlyCount "36"]
[EventDate "2020.??.??"]
[EventType "tourn (corr)"]
[EventRounds "5"]
[SourceTitle "Corr 2022"]
[Source "ChessBase"]
[SourceDate "2021.10.24"]
[SourceVersion "1"]
[SourceVersionDate "2021.10.24"]
[SourceQuality "1"]

1. d4 Nf6 2. c4 g6 3. Nc3 d5 4. cxd5 Nxd5 5. e4 Nxc3 6. bxc3 Bg7 7. Be3 0-0 8. Nf3 c5 9. Be2 Nc6 10. 0-0 cxd4 11. cxd4 b6 12. d5 Ne5 13. Nd4 Bb7 14. Rc1 Rc8 15. Rxc8 Qxc8 16. Qa4 a6 17. Rc1 b5 18. Rxc8 bxa4 0-1

[Event "SC-2019-0-00375"]
[Site "LSS email"]
[Date "2019.07.24"]
[Round "?"]
[White "Ilyin, Igor"]
[Black "Zemlyanov, Sergey Mikhailovich"]
[Result "1-0"]
[WhiteElo "1926"]
[BlackElo "1694"]
[PlyCount "39"]
[EventDate "2019.04.30"]
[EventType "tourn (corr)"]
[EventRounds "6"]
[EventCountry "GER"]
[SourceTitle "Corr 2022"]
[Source "ChessBase"]
[SourceDate "2021.10.24"]
[SourceVersion "1"]
[SourceVersionDate "2021.10.24"]
[SourceQuality "1"]

1. e4 c5 2. Nf3 d6 3. d4 cxd4 4. Nxd4 Nf6 5. Nc3 a6 6. Be3 e5 7. Nb3 Be6 8. Qd2 Nbd7 9. f3 h5 10. 0-0-0 Be7 11. Kb1 b5 12. h3 h4 13. f4 Qc7 14. f5 Bc4 15. a3 Rb8 16. Rg1 a5 17. Nd5 Nxd5 18. exd5 Bxf1 19. Rgxf1 b4 20. a4 1-0

[Event "SC-2019-0-00375"]
[Site "LSS email"]
[Date "2019.07.24"]
[Round "?"]
[White "Lipsits, Sasha"]
[Black "Zemlyanov, Sergey Mikhailovich"]
[Result "1-0"]
[WhiteElo "1710"]
[BlackElo "1694"]
[PlyCount "41"]
[EventDate "2019.04.30"]
[EventType "tourn (corr)"]
[EventRounds "6"]
[EventCountry "GER"]
[SourceTitle "Corr 2022"]
[Source "ChessBase"]
[SourceDate "2021.10.24"]
[SourceVersion "1"]
[SourceVersionDate "2021.10.24"]
[SourceQuality "1"]

1. e4 c5 2. Nf3 d6 3. d4 cxd4 4. Nxd4 Nf6 5. Nc3 a6 6. Be3 e5 7. Nb3 Be6 8. f4 exf4 9. Bxf4 Nc6 10. Qe2 Rc8 11. h3 g6 12. g4 h5 13. g5 Nd7 14. 0-0-0 Nce5 15. Qe3 Qc7 16. Kb1 Nb6 17. Qd4 Be7 18. Be3 Nbc4 19. Bxc4 Bxc4 20. Qd2 0-0 21. Qf2 1-0

[Event "SC-2019-0-00375"]
[Site "LSS email"]
[Date "2019.07.24"]
[Round "?"]
[White "Obukhov, Gennady Nikolaevich"]
[Black "Zemlyanov, Sergey Mikhailovich"]
[Result "1/2-1/2"]
[WhiteElo "1851"]
[BlackElo "1694"]
[PlyCount "45"]
[EventDate "2019.04.30"]
[EventType "tourn (corr)"]
[EventRounds "6"]
[EventCountry "GER"]
[SourceTitle "Corr 2022"]
[Source "ChessBase"]
[SourceDate "2021.10.24"]
[SourceVersion "1"]
[SourceVersionDate "2021.10.24"]
[SourceQuality "1"]

1. e4 c5 2. Nf3 d6 3. d4 cxd4 4. Nxd4 Nf6 5. f3 e5 6. Nb3 Be6 7. c4 Nbd7 8. Be3 Rc8 9. Nc3 Bxc4 10. Bxc4 Rxc4 11. Qd3 Rc6 12. 0-0-0 h5 13. Kb1 Be7 14. h3 h4 15. Rc1 a6 16. Rhd1 0-0 17. Bg5 Nxe4 18. Bxe7 Nxc3+ 19. Rxc3 Qxe7 20. Rxc6 bxc6 21. Qxd6 Qxd6 22. Rxd6 Nb6 23. Rxc6 1/2-1/2

[Event "SC-2019-0-00375"]
[Site "LSS email"]
[Date "2019.07.24"]
[Round "?"]
[White "Zemlyanov, Sergey Mikhailovich"]
[Black "Linart, Ludvik"]
[Result "0-1"]
[WhiteElo "1694"]
[BlackElo "1727"]
[PlyCount "60"]
[EventDate "2019.04.30"]
[EventType "tourn (corr)"]
[EventRounds "6"]
[EventCountry "GER"]
[SourceTitle "Corr 2022"]
[Source "ChessBase"]
[SourceDate "2021.10.24"]
[SourceVersion "1"]
[SourceVersionDate "2021.10.24"]
[SourceQuality "1"]

1. d4 e6 2. c4 d5 3. Nc3 Nf6 4. cxd5 exd5 5. Bg5 c6 6. e3 h6 7. Bh4 Be7 8. Qc2 0-0 9. Bd3 Re8 10. Nge2 Nbd7 11. 0-0 a5 12. Rac1 b5 13. Nb1 Bb7 14. Nd2 b4 15. Nf3 a4 16. Bf5 Ba6 17. Rfe1 Bc4 18. Ne5 Nxe5 19. dxe5 b3 20. axb3 axb3 21. Qd1 Ne4 22. Bxe7 Qxe7 23. f4 Nc5 24. Bb1 g6 25. Nd4 Na4 26. Qd2 c5 27. Nf3 Red8 28. h4 Bb5 29. h5 gxh5 30. Qf2 Kh8 0-1

[Event "RC-2019-0-00229"]
[Site "LSS email"]
[Date "2019.04.26"]
[Round "?"]
[White "Obukhov, Gennady Nikolaevich"]
[Black "Zemlyanov, Sergey Mikhailovich"]
[Result "0-1"]
[WhiteElo "1804"]
[BlackElo "1752"]
[PlyCount "104"]
[EventDate "2019.01.04"]
[EventType "tourn (corr)"]
[EventRounds "6"]
[EventCountry "GER"]
[SourceTitle "Corr 2022"]
[Source "ChessBase"]
[SourceDate "2021.10.24"]
[SourceVersion "1"]
[SourceVersionDate "2021.10.24"]
[SourceQuality "1"]

1. Nc3 d5 2. e4 d4 3. Nb1 Nf6 4. e5 Nd5 5. c4 Nb4 6. d3 N4c6 7. f4 f6 8. exf6 exf6 9. Be2 a5 10. Bf3 Bb4+ 11. Kf2 0-0 12. Ne2 Na6 13. Rf1 Be7 14. Bd5+ Kh8 15. Bxc6 bxc6 16. Kg1 Nc5 17. f5 Re8 18. Na3 Nd7 19. Nxd4 Ne5 20. Nac2 c5 21. Nb5 Bf8 22. Be3 a4 23. Qe2 c6 24. Nba3 Qxd3 25. Qh5 g6 26. fxg6 Qxg6 27. Qxg6 hxg6 28. Rxf6 Bf5 29. Rxf8+ Rxf8 30. Bxc5 Rfe8 31. Nd4 Nd3 32. Bd6 Re4 33. Nac2 c5 34. Nxf5 gxf5 35. Rd1 Nxb2 36. Rd5 Kg8 37. Rxf5 Nd3 38. h4 Rd8 39. Rd5 Rxc4 40. Ne3 Rc1+ 41. Kh2 Nf2 42. Rg5+ Kf7 43. Rf5+ Ke6 44. Rxf2 Kxd6 45. h5 Rh8 46. g4 Ke5 47. Nf5 c4 48. Kg3 c3 49. Re2+ Kf6 50. Rf2 Rb8 51. Nd4+ Kg7 52. a3 Rc8 0-1